Bergketens en Gebergten - Statistieken

Algemene statistieken
  • Deze quiz is 265 keer genomen
  • De gemiddelde score is 7 van 15
Antwoordstatistieken
Hoogste punt Locatie Gebergte % Correct
Mount Everest Ten noorden van het Indiase Subcontinent Himalaya
93%
Mont Blanc Oostenrijk, Zwitserland, Noord-Italië ... Alpen
90%
Aconcagua Langs de westkust van Zuid-Amerika Andes
79%
Narodnaya Rusland, scheidt Europa van Azië Oeral
72%
Mount Elbert Van New Mexico tot Brits Columbia Rocky Mountains
66%
Aneto Tussen Frankrijk en Spanje Pyreneeën
62%
Toubkal Marokko, Algerije en Tunesië Atlas
54%
Elbroes Van de Zwarte Zee naar de Kaspische Zee Kaukasus
47%
Gerlachovský štít Roemenië, Oekraïne en Polen Karpaten
31%
Mount Mitchell Van Alabama naar New Foundland Appalachen
29%
Mount Whitney Door Californië en Nevada Sierra Nevada
14%
Mount Kosciuszko Oostkust van Australië Scheidingsgebergte
8%
Mount Kirkpatrick Dwars door Antarctica Transantarctisch Gebergte
7%
Mount Pico Vooral onderwater, langste bergketen op Aarde Mid-Atlantische Rug
6%
Tajumulco Mexico Sierra Madre
6%
Geen overeenkomende quizzen gevonden
Scoreverdeling
Procent van Mensen met Elke Score
Percentiel versus Aantal Correcte Antwoorden
Uw Scoregeschiedenis
U heeft deze quiz nog niet genomen